000 00567nam a2200193Ia 4500
999 _c7479
_d7479
003 OSt
005 20200117105516.0
008 190216s9999||||xx |||||||||||||| ||und||
020 _a9788125931294
040 _coclc
082 _a657.95
_bMAH/C
100 _aMaheshwari, S N
_91048
245 0 _aCorporate Accounting /
_cS N Maheshwari ; S K Maheshwari
250 _a5th ed.
260 _bVikas Publishing House,
_c2010.
_aNew Delhi:
300 _a2339p
700 _91237
_aMaheshwari, S K
942 _cBK
_2ddc
_h657.95
_iMAH/C
_k657.95
_mMAH/C